بغية الوعاة فى طبقات اللغويين والنحاة / (رقم التسجيلة. 180079)

تفاصيل مارك
000 -LEADER
fixed length control field 01311namaa2200301 i 4500
003 - CONTROL NUMBER IDENTIFIER
control field EG-GICUC
005 - DATE AND TIME OF LATEST TRANSACTION
control field 20260513100817.0
008 - FIXED-LENGTH DATA ELEMENTS--GENERAL INFORMATION
fixed length control field 260510m1964196ule ||||jr|||| 001 0cara d
040 ## - CATALOGING SOURCE
Original cataloging agency EG-GiCUC
Language of cataloging ara
Transcribing agency EG-GiCUC
Modifying agency EG-GiCUC
Description conventions rda
082 04 - DEWEY DECIMAL CLASSIFICATION NUMBER
Edition number 21
Classification number 410.92
Item number S9679bu 1964
092 04 - LOCALLY ASSIGNED DEWEY CALL NUMBER (OCLC)
Edition number 21
Classification number 410.92
Item number S9679bu 1964
099 ## - LOCAL FREE-TEXT CALL NUMBER (OCLC)
Classification number 410.92 S9679bu 1964
100 1# - MAIN ENTRY--PERSONAL NAME
Personal name السيوطي،
Dates associated with a name 1505-1445
Relator term مؤلف.
245 10 - TITLE STATEMENT
Title بغية الوعاة فى طبقات اللغويين والنحاة /
Statement of responsibility, etc. للحافظ جلال الدين عبد الرحمن السيوطى ؛ تحقيق محمد أبو الفضل ابراهيم
264 ## - PRODUCTION, PUBLICATION, DISTRIBUTION, MANUFACTURE, AND COPYRIGHT NOTICE
Place of production, publication, distribution, manufacture بيروت (لبنان) :
Name of producer, publisher, distributor, manufacturer المكتبة العصرية،
Date of production, publication, distribution, manufacture, or copyright notice 1964-196u
300 ## - PHYSICAL DESCRIPTION
Extent 2 مجلد ؛
Dimensions 24 سم
Other physical details .
336 ## - CONTENT TYPE
Source rdacontent
Content type term text
337 ## - MEDIA TYPE
Source rdamedia
Media type term Unmediated
338 ## - CARRIER TYPE
Source rdacarrier
Carrier type term volume
504 ## - BIBLIOGRAPHY, ETC. NOTE
Bibliography, etc. note يشتمل على ارجاعات ببليوجرافية وكشافات
541 ## - IMMEDIATE SOURCE OF ACQUISITION NOTE
Source of acquisition د. / جابر عصفور ؛
Address القاهرة ؛
Method of acquisition إهداء ؛
Date of acquisition 2024.
650 17 - SUBJECT ADDED ENTRY--TOPICAL TERM
Topical term or geographic name entry element اللغويون العرب
Source of heading or term qrmak
650 17 - SUBJECT ADDED ENTRY--TOPICAL TERM
Topical term or geographic name entry element اللغة العربية
General subdivision النحو
Form subdivision الاعمال الاولية حتى 1800
Source of heading or term qrmak
651 1# - SUBJECT ADDED ENTRY--GEOGRAPHIC NAME
Source of heading or term qrmak
700 1# - ADDED ENTRY--PERSONAL NAME
Personal name ابراهيم، محمد ابو الفضل،
Relator term محقق.
905 ## - Cataloger and Reviser Names
Cataloger Name Amira
942 ## - ADDED ENTRY ELEMENTS (KOHA)
Source of classification or shelving scheme Dewey Decimal Classification
Koha item type Books
Edition 21
Suppress in OPAC No
المقتنيات
Withdrawn status Lost status Source of classification or shelving scheme Damaged status Not for loan Home library Current library Date acquired Inventory number Total checkouts Full call number Barcode Date last seen Price effective from Koha item type
    Dewey Decimal Classification   Not for loan المكتبة المركزبة الجديدة - جامعة القاهرة قاعة المكتبات المهداة - الدور الرابع 10.05.2026 175194   410.92 S9679bu 1964 v.1 Ref. J.U. 01000100175194001 10.05.2026 10.05.2026 Books
    Dewey Decimal Classification   Not for loan المكتبة المركزبة الجديدة - جامعة القاهرة قاعة المكتبات المهداة - الدور الرابع 10.05.2026 175194   410.92 S9679bu 1964 v.2 Ref. J.U. 01000100175194002 10.05.2026 10.05.2026 Books
Cairo University Libraries Portal Implemented & Customized by: Eng. M. Mohamady Contacts: new-lib@cl.cu.edu.eg | cnul@cl.cu.edu.eg
CUCL logo CNUL logo
© All rights reserved — Cairo University Libraries
CUCL logo
Implemented & Customized by: Eng. M. Mohamady Contact: new-lib@cl.cu.edu.eg © All rights reserved — New Central Library
CNUL logo
Implemented & Customized by: Eng. M. Mohamady Contact: cnul@cl.cu.edu.eg © All rights reserved — Cairo National University Library